00555nam a2200205Ia 4500003000400000005001700004006001800021007000300039008004100042037001700083040001800100041001300118082001900131110003100150245004200181260005900223300001400282650002200296700003100318OSt20220925192742.0a|||||r|||| 00| 0ta220923b |||||||| |||| 00| 0 eng d cGeneral Book aRTLcRTLbeng 2engaeng aX9:75.2.N8, M4 aIndian Chamber of Commerce 0aIncentives for industrial development aCalcuttabIndian Chamber of Commerce India c1984 a69p.ccm. aIndustry Economy aIndian Chamber of Commerce